000 00800nam a2200217 a 4500
999 _c4151
_d4151
005 20191224041725.0
008 140314s2006 ck ad fr|||| 000 0 spa d
020 _a9589387519
040 _aCO-BoIAVH
_cCO-BoIAVH
041 0 _aspa
044 _ack
082 0 4 _a354.334
_bD41c
110 2 _bDepartamento Técnico Administrativo del Medio Ambiente
245 _aConservación Ex-Situ :
_binvestigación para el manejo en cautiverio y conservación de la fauna silvestre
260 _aBogotá :
_bDepartamento Técnico Administrativo Medio Ambiente,
_c2004.
300 _a87 páginas :
_bIlustraciones, gráficos ;
_c28 x 21 cm.
650 6 _aConservación ex situ
650 6 _aFauna silvestre
_xconservación
650 6 _aEspecies en cautiverio
942 _cLIBRO
_2ddc